00576nam a2200193Ia 450000500170000000800410001702000220005804100080008008200160008810000130010424501210011725000120023826000430025030000210029344000060031450000190032065000190033970000240035820230421152326.0230125s9999 xx 000 0 und d a978-93-530-6581-2 aeng a153.94bTHO aThorpe E aGeneral Studies For Civil Services Preliminary ExaminationbGeneral Knowledge and Curent Affairs : Paper 1, Volume 1 a1st Ed. c2019bPearson EducationaUttar Pradesh a289pcPaper Back v1 aAptitude Tests aAptitude Tests aThorpe E & Thorpe S